Laboratory manual in physics. II PUC. (Record no. 103848)
[ view plain ]
| 000 -LEADER | |
|---|---|
| fixed length control field | 00442nam a2200145Ia 4500 |
| 008 - FIXED-LENGTH DATA ELEMENTS--GENERAL INFORMATION | |
| fixed length control field | 210210b2000 xxu||||| |||| 00| 0 eng d |
| 082 ## - DEWEY DECIMAL CLASSIFICATION NUMBER | |
| Classification number | 530.028 RAML |
| 100 ## - MAIN ENTRY--PERSONAL NAME | |
| Personal name | RAMACHANDRA (R) and RAO (Rama A H). |
| 245 ## - TITLE STATEMENT | |
| Title | Laboratory manual in physics. II PUC. |
| 260 ## - PUBLICATION, DISTRIBUTION, ETC. | |
| Place of publication, distribution, etc. | Bangalore. |
| Name of publisher, distributor, etc. | Excellent Educational Enterprises |
| Date of publication, distribution, etc. | 2000 |
| 300 ## - PHYSICAL DESCRIPTION | |
| Extent | 36 |
| 650 ## - SUBJECT ADDED ENTRY--TOPICAL TERM | |
| Topical term or geographic name entry element | Laboratory Manual, Physics, II PUC<br/> <br/> |
| 690 ## - LOCAL SUBJECT ADDED ENTRY--TOPICAL TERM (OCLC, RLIN) | |
| Topical term or geographic name as entry element | Physics Practical |
| 906 ## - LOCAL DATA ELEMENT F, LDF (RLIN) | |
| a | 056428 |
| Withdrawn status | Lost status | Damaged status | Not for loan | Collection code | Home library | Current library | Shelving location | Date acquired | Source of acquisition | Cost, normal purchase price | Total Checkouts | Full call number | Barcode | Date last seen | Price effective from | Koha item type | Source of classification or shelving scheme |
|---|---|---|---|---|---|---|---|---|---|---|---|---|---|---|---|---|---|
| Discarded | St Aloysius Library | St Aloysius Library | 02/17/2021 | U R Shenoy & Sons, Mangalore. | 0.00 | 530.028 RAML | 056428 | 02/17/2021 | 02/17/2021 | Book | |||||||
| Physics | St Aloysius Library | St Aloysius Library | UGC Book Bank | 02/17/2021 | U R Shenoy & Sons, Mangalore. | 0.00 | 531/157 RAML | SG02586 | 04/18/2023 | 02/17/2021 | Special Grants | Dewey Decimal Classification | |||||
| Physics | St Aloysius Library | St Aloysius Library | UGC Book Bank | 02/17/2021 | U R Shenoy & Sons, Mangalore. | 0.00 | 531/156 RAML | SG02585 | 04/18/2023 | 02/17/2021 | Special Grants | Dewey Decimal Classification | |||||
| Physics | St Aloysius Library | St Aloysius Library | UGC Book Bank | 01/05/2024 | 531/158 RAML | SG02587 | 01/05/2024 | 01/05/2024 | Special Grants | Dewey Decimal Classification |